[Event "Campinas op 12a"]
[Site "Campinas"]
[Date "2009.12.05"]
[Round "3"]
[White "Nascimento, David Barbosa"]
[Black "Labegalini, Antonio Luiz"]
[Result "1/2-1/2"]
[WhiteElo "1609"]
[BlackElo "1897"]
[PlyCount "82"]
[EventDate "2009.12.04"]
[EventType "swiss"]
[EventRounds "5"]
[EventCountry "BRA"]
[SourceTitle "EXT 2012"]
[Source "ChessBase"]
[SourceDate "2011.11.24"]
[SourceVersion "1"]
[SourceVersionDate "2011.11.24"]
[SourceQuality "1"]

1. e4 d5 2. exd5 Qxd5 3. Nc3 Qd6 4. d4 Nf6 5. Nf3 c6 6. h3 h6 7. Bc4 Be6 8. Bb3 Bxb3 9. axb3 e6 10. Bd2 Be7 11. 0-0 0-0 12. Re1 Nbd7 13. Na2 Qc7 14. Nc1 c5 15. Nd3 cxd4 16. Nxd4 a6 17. Bf4 Bd6 18. Bxd6 Qxd6 19. Nf3 Rfd8 20. Re2 Nc5 21. Rd2 Nce4 22. Re2 Nc5 23. Rd2 Nxd3 24. Rxd3 Qc7 25. Ne5 Nd5 26. Nc4 Rac8 27. c3 Rd7 28. Qf3 Rcd8 29. Rad1 b5 30. Ne3 Nf6 31. Rxd7 Rxd7 32. Rxd7 Nxd7 33. Qa8+ Nb8 34. Nc2 Kh7 35. Nb4 a5 36. Na6 Nxa6 37. Qxa6 Qf4 38. Qxb5 Qc1+ 39. Kh2 Qf4+ 40. Kg1 Qc1+ 41. Kh2 Qf4+ 1/2-1/2

[Event "Campinas Fujishima Memorial"]
[Site "Campinas"]
[Date "2009.09.26"]
[Round "10"]
[White "Labegalini, Antonio Luiz"]
[Black "Caricatto, Nadia Piccinin"]
[Result "1-0"]
[WhiteElo "1897"]
[BlackElo "1577"]
[PlyCount "95"]
[EventDate "2009.08.23"]
[EventType "tourn"]
[EventRounds "11"]
[EventCountry "BRA"]
[SourceTitle "EXT 2012"]
[Source "ChessBase"]
[SourceDate "2011.11.24"]
[SourceVersion "1"]
[SourceVersionDate "2011.11.24"]
[SourceQuality "1"]

1. Nf3 c5 2. c4 Nc6 3. Nc3 g6 4. g3 Bg7 5. Bg2 Bxc3 6. bxc3 Nf6 7. 0-0 b6 8. d3 Bb7 9. e4 d6 10. Bg5 Nd7 11. Ne1 f6 12. Be3 Nde5 13. f4 Nf7 14. Bf2 Qc8 15. Nf3 0-0 16. f5 gxf5 17. Bh3 e6 18. exf5 exf5 19. Nh4 Ne7 20. Be3 Qc6 21. Bg2 Qc8 22. Bxb7 Qxb7 23. Nxf5 Nxf5 24. Rxf5 Ne5 25. Qe2 Kh8 26. Raf1 Qe7 27. Bh6 Rf7 28. d4 Ng6 29. Qxe7 Nxe7 30. Rxf6 Rxf6 31. Rxf6 Ng8 32. Rf8 Rxf8 33. Bxf8 cxd4 34. cxd4 Nf6 35. Bxd6 Nd7 36. c5 bxc5 37. dxc5 Kg7 38. c6 Nb6 39. Bc5 Nc8 40. g4 Kf6 41. h4 Ke6 42. g5 Kd5 43. h5 Ke6 44. Kf2 Kf5 45. g6 hxg6 46. h6 Kf6 47. Bd4+ Kf7 48. h7 1-0

[Event "Campinas Fujishima Memorial"]
[Site "Campinas"]
[Date "2009.09.19"]
[Round "6"]
[White "Labegalini, Antonio Luiz"]
[Black "Dos Santos, Erickson Cristiano"]
[Result "1-0"]
[WhiteElo "1897"]
[BlackElo "1711"]
[PlyCount "59"]
[EventDate "2009.08.23"]
[EventType "tourn"]
[EventRounds "11"]
[EventCountry "BRA"]
[SourceTitle "EXT 2012"]
[Source "ChessBase"]
[SourceDate "2011.11.24"]
[SourceVersion "1"]
[SourceVersionDate "2011.11.24"]
[SourceQuality "1"]

1. d4 d5 2. Nf3 Nf6 3. c4 c6 4. Nc3 e6 5. cxd5 cxd5 6. Bg5 Be7 7. e3 Nbd7 8. Bd3 0-0 9. 0-0 Nb6 10. Qc2 Bd7 11. Bxf6 Bxf6 12. Bxh7+ Kh8 13. Bd3 Rc8 14. Qe2 Bc6 15. Ne5 g6 16. Qg4 Bxe5 17. dxe5 Nd7 18. f4 Qb6 19. f5 Qxe3+ 20. Kh1 gxf5 21. Qh5+ Kg7 22. Rf3 Qh6 23. Rg3+ Kh7 24. Bxf5+ exf5 25. Qxf5+ Kh8 26. Rh3 Qxh3 27. Qxh3+ Kg7 28. Qg4+ Kh7 29. Rf1 Nxe5 30. Qh5+ 1-0

[Event "Campinas IRT LCX 15th"]
[Site "Campinas"]
[Date "2009.08.23"]
[Round "11"]
[White "Mello, Marcos Fernando"]
[Black "Labegalini, Antonio Luiz"]
[Result "0-1"]
[WhiteElo "1556"]
[BlackElo "1896"]
[PlyCount "106"]
[EventDate "2008.07.24"]
[EventType "tourn"]
[EventRounds "11"]
[EventCountry "BRA"]
[SourceTitle "EXT 2022"]
[Source "ChessBase"]
[SourceDate "2021.10.06"]
[SourceVersion "1"]
[SourceVersionDate "2021.10.06"]
[SourceQuality "1"]

1. f4 d5 2. Nf3 Nf6 3. Nc3 c5 4. d4 e6 5. e3 Nc6 6. Bd3 Bd6 7. dxc5 Bxc5 8. Na4 Be7 9. 0-0 0-0 10. Nc3 b6 11. Bd2 Bb7 12. Qe2 Qd7 13. Ne5 Nxe5 14. fxe5 Ne4 15. Nxe4 dxe4 16. Bb5 Bc6 17. Bxc6 Qxc6 18. Bc3 a5 19. Rad1 b5 20. Qf2 b4 21. Bd4 Rac8 22. c3 bxc3 23. Bxc3 Bb4 24. Bxb4 axb4 25. Rd4 Qa8 26. Rxb4 Qxa2 27. Rxe4 Rb8 28. b4 Qd5 29. Rf4 Qb5 30. Rxf7 Qxf1+ 31. Qxf1 Rxf7 32. Qe1 Rfb7 33. Qd2 Rxb4 34. h3 R4b5 35. Qd6 R8b6 36. Qd8+ Kf7 37. Qd7+ Kg6 38. Qe8+ Kh6 39. h4 Rb4 40. g3 Re4 41. Kf2 Rxe5 42. Kf3 Rf5+ 43. Kg4 Rb4+ 44. Kh3 Re5 45. Qf8 Rbe4 46. g4 Rxe3+ 47. Kg2 Re2+ 48. Kg1 Re1+ 49. Kg2 R5e2+ 50. Kg3 Rg1+ 51. Kh3 Re3+ 52. Kh2 Rxg4 53. Qf2 Reg3 0-1

[Event "Campinas Fujishima Memorial"]
[Site "Campinas"]
[Date "2009.08.23"]
[Round "1"]
[White "Pereira, Marcio Machado"]
[Black "Labegalini, Antonio Luiz"]
[Result "0-1"]
[WhiteElo "1711"]
[BlackElo "1897"]
[PlyCount "70"]
[EventDate "2009.08.23"]
[EventType "tourn"]
[EventRounds "11"]
[EventCountry "BRA"]
[SourceTitle "EXT 2012"]
[Source "ChessBase"]
[SourceDate "2011.11.24"]
[SourceVersion "1"]
[SourceVersionDate "2011.11.24"]
[SourceQuality "1"]

1. d4 Nf6 2. Nf3 g6 3. g3 Bg7 4. Bg2 0-0 5. 0-0 c6 6. c4 d6 7. Re1 Nbd7 8. Nc3 Re8 9. e3 e5 10. dxe5 dxe5 11. b3 e4 12. Nd2 Nc5 13. Rb1 Bf5 14. Ba3 Nd3 15. Rf1 Qa5 16. Na4 b5 17. cxb5 cxb5 18. Bxe4 Bxe4 19. Nxe4 Nxe4 20. Qxd3 Rad8 21. Qc2 bxa4 22. bxa4 Ng5 23. Qc6 Rc8 24. Qg2 Qxa4 25. Bb2 Qxa2 26. Bxg7 Kxg7 27. Ra1 Qe2 28. h4 Nf3+ 29. Kh1 Rc2 30. Rxa7 Rxe3 31. Rb7 Rd3 32. Rbb1 Rdd2 33. Ra1 Qxf2 34. Rxf2 Rxf2 35. Qxf2 Rxf2 0-1

[Event "Campinas IRT LCX 15th"]
[Site "Campinas"]
[Date "2009.08.14"]
[Round "7"]
[White "Labegalini, Antonio Luiz"]
[Black "Goncalves, Marcus Vinicius M"]
[Result "1-0"]
[WhiteElo "1896"]
[BlackElo "1813"]
[PlyCount "95"]
[EventDate "2008.07.24"]
[EventType "tourn"]
[EventRounds "11"]
[EventCountry "BRA"]
[SourceTitle "EXT 2022"]
[Source "ChessBase"]
[SourceDate "2021.10.06"]
[SourceVersion "1"]
[SourceVersionDate "2021.10.06"]
[SourceQuality "1"]

1. c4 Nf6 2. Nc3 g6 3. Nf3 c5 4. e4 d6 5. Be2 Nc6 6. 0-0 Bg7 7. d3 0-0 8. Bg5 a6 9. Qd2 Qa5 10. Rfd1 b5 11. Bxf6 Bxf6 12. Nd5 Bg7 13. Qxa5 Nxa5 14. Nxe7+ Kh8 15. Rd2 bxc4 16. dxc4 Re8 17. Nxc8 Raxc8 18. Rad1 Rxe4 19. b3 Rce8 20. Bf1 Nb7 21. Rd5 Kg8 22. h4 Be5 23. Bd3 Rf4 24. Nxe5 Rxe5 25. g3 Rxd5 26. gxf4 Rd4 27. Kg2 Rxf4 28. Be2 Rd4 29. Rxd4 cxd4 30. b4 a5 31. a3 axb4 32. axb4 f5 33. Bf3 Nd8 34. b5 Kf7 35. b6 Ke6 36. b7 Nxb7 37. Bxb7 Ke5 38. Kf3 h6 39. Bd5 g5 40. hxg5 hxg5 41. Ke2 g4 42. Kd3 f4 43. Bc6 f3 44. Bd5 Kf4 45. Kxd4 g3 46. fxg3+ Kxg3 47. Bxf3 Kxf3 48. Kd5 1-0

[Event "Campinas 06"]
[Site "Campinas"]
[Date "2009.06.21"]
[Round "9"]
[White "Labegalini, Antonio Luiz"]
[Black "De Moraes, Francisco Jose Baen"]
[Result "1-0"]
[WhiteElo "1897"]
[BlackElo "1985"]
[PlyCount "129"]
[EventDate "2009.06.05"]
[EventType "tourn"]
[EventRounds "14"]
[EventCountry "BRA"]
[SourceTitle "EXT 2012"]
[Source "ChessBase"]
[SourceDate "2011.11.24"]
[SourceVersion "1"]
[SourceVersionDate "2011.11.24"]
[SourceQuality "1"]

1. e4 c6 2. d4 d5 3. e5 Bf5 4. Bd3 Bxd3 5. Qxd3 e6 6. c4 dxc4 7. Qxc4 Nd7 8. Nc3 Nb6 9. Qd3 Ne7 10. Nf3 Ned5 11. 0-0 Qd7 12. Nxd5 Nxd5 13. Bd2 Be7 14. Rfe1 0-0 15. Re4 f5 16. exf6 Nxf6 17. Rh4 Qd5 18. Re1 Bd6 19. Ng5 Qf5 20. Qb3 Nd5 21. Ne4 Be7 22. Rh3 b6 23. Qd1 Qg6 24. Rg3 Qf5 25. Qe2 Rae8 26. Bh6 Rf7 27. Bd2 e5 28. Rf3 Qe6 29. Rxf7 Qxf7 30. dxe5 Bf8 31. Ng5 Qf5 32. Nf3 Bc5 33. a3 a5 34. b4 axb4 35. axb4 Bf8 36. Qc4 Qd7 37. Nd4 Rc8 38. Rc1 c5 39. b5 Kh8 40. Nc6 Nc7 41. Be3 Nxb5 42. Qxb5 Qxc6 43. Qxc6 Rxc6 44. Kf1 Kg8 45. Ke2 Kf7 46. Kd3 Ke6 47. Ke4 b5 48. f4 g6 49. g4 Kd7 50. f5 c4 51. Kd5 Ra6 52. e6+ Ke7 53. Bc5+ Ke8 54. Bxf8 Kxf8 55. f6 Ra8 56. g5 Rc8 57. Kd6 Ra8 58. Kc5 Rb8 59. Kb4 Rb6 60. Re1 Rb8 61. Re4 Rb7 62. Rd4 Ke8 63. e7 Rd7 64. Rh4 h5 65. gxh6 1-0

[Event "Campinas op 06"]
[Site "Campinas"]
[Date "2009.06.14"]
[Round "5"]
[White "Labegalini, Antonio Luiz"]
[Black "Riboldi, Mario Garcia"]
[Result "1-0"]
[WhiteElo "1897"]
[BlackElo "1696"]
[PlyCount "57"]
[EventDate "2009.06.12"]
[EventType "swiss"]
[EventRounds "5"]
[EventCountry "BRA"]
[SourceTitle "EXT 2012"]
[Source "ChessBase"]
[SourceDate "2011.11.24"]
[SourceVersion "1"]
[SourceVersionDate "2011.11.24"]
[SourceQuality "1"]

1. d4 d5 2. Nf3 Nf6 3. e3 e6 4. c4 c5 5. cxd5 exd5 6. dxc5 Bxc5 7. Be2 0-0 8. 0-0 Nc6 9. b3 d4 10. Qc2 Qb6 11. Bb2 Nb4 12. Qc1 dxe3 13. Nc3 exf2+ 14. Kh1 Be3 15. Qb1 g6 16. Nd1 Bf5 17. Nxe3 Bxb1 18. Nc4 Qd8 19. Raxb1 Re8 20. Rbd1 Qe7 21. Nce5 Rad8 22. Rb1 Rc8 23. Bc4 Nbd5 24. Rxf2 Rxc4 25. bxc4 Nf4 26. Ng5 Ng4 27. Nxg4 Qxg5 28. Nf6+ Kf8 29. Nxh7+ 1-0

[Event "Campinas op 06"]
[Site "Campinas"]
[Date "2009.06.13"]
[Round "3"]
[White "Labegalini, Antonio Luiz"]
[Black "Mazim, Matheus"]
[Result "1/2-1/2"]
[WhiteElo "1897"]
[BlackElo "1814"]
[PlyCount "125"]
[EventDate "2009.06.12"]
[EventType "swiss"]
[EventRounds "5"]
[EventCountry "BRA"]
[SourceTitle "EXT 2012"]
[Source "ChessBase"]
[SourceDate "2011.11.24"]
[SourceVersion "1"]
[SourceVersionDate "2011.11.24"]
[SourceQuality "1"]

1. d4 d5 2. Nf3 Nf6 3. e3 Bf5 4. c4 dxc4 5. Bxc4 e6 6. 0-0 c6 7. b3 Be7 8. Bb2 Nbd7 9. Nc3 Nb6 10. Qe2 0-0 11. e4 Bg6 12. e5 Nxc4 13. bxc4 Ng4 14. Nd2 Qxd4 15. Nd5 Qxb2 16. Nxe7+ Kh8 17. Nxg6+ hxg6 18. Qxg4 Qxd2 19. Rfd1 Qa5 20. Rd4 Qxe5 21. Qh3+ Kg8 22. Rad1 g5 23. Qh5 Qf6 24. h4 Qg6 25. Qxg6 fxg6 26. hxg5 Rf7 27. Re1 Re8 28. f4 Rfe7 29. c5 Kf7 30. Re5 Rb8 31. a4 Rc8 32. a5 a6 33. g4 Rcc7 34. Rde4 Rcd7 35. Kf2 Rd5 36. Ke3 Rxe5 37. fxe5 Rd7 38. Rb4 Ke7 39. Rd4 Rd5 40. Rb4 Rxc5 41. Rxb7+ Kf8 42. Kd4 Rxa5 43. Rb8+ Kf7 44. Rb7+ Kg8 45. Re7 Ra4+ 46. Kc5 Rxg4 47. Rxe6 Rxg5 48. Kxc6 Kf7 49. Kd6 Rg2 50. Re7+ Kf8 51. Ra7 g5 52. Ke6 Kg8 53. Kf5 Kh7 54. Rxa6 g4 55. e6 g3 56. Kf4 Kg6 57. Ra7 Re2 58. Kxg3 Rxe6 59. Kf4 Kh6 60. Kg4 Re4+ 61. Kg3 g5 62. Ra6+ Kh5 63. Ra3 1/2-1/2

[Event "Campinas LCX 14th"]
[Site "Campinas"]
[Date "2008.12.28"]
[Round "4"]
[White "Labegalini, Antonio Luiz"]
[Black "De Moraes, Francisco Jose Baen"]
[Result "0-1"]
[WhiteElo "1911"]
[BlackElo "1966"]
[PlyCount "48"]
[EventDate "2008.12.26"]
[EventType "tourn"]
[EventRounds "5"]
[EventCountry "BRA"]
[SourceTitle "EXT 2022"]
[Source "ChessBase"]
[SourceDate "2021.10.06"]
[SourceVersion "1"]
[SourceVersionDate "2021.10.06"]
[SourceQuality "1"]

1. d4 Nf6 2. c4 g6 3. Nc3 d5 4. e3 Bg7 5. Nf3 0-0 6. c5 b6 7. b4 a5 8. cxb6 axb4 9. bxc7 Qxc7 10. Na4 Rxa4 11. Bd2 Bd7 12. Ne5 Qa7 13. Nxd7 Nbxd7 14. Qc2 Ra8 15. Bd3 Rxa2 16. Rxa2 Qxa2 17. Bxb4 Qa1+ 18. Qb1 Qxb1+ 19. Bxb1 Rb8 20. Ke2 Rxb4 21. Rc1 Nb6 22. Bd3 Ne4 23. Kf3 Nd2+ 24. Kg3 Ndc4 0-1

[Event "Campinas LCX 13th"]
[Site "Campinas"]
[Date "2008.12.13"]
[Round "8"]
[White "Labegalini, Antonio Luiz"]
[Black "Dos Santos, Erickson Cristiano"]
[Result "1-0"]
[WhiteElo "1911"]
[BlackElo "1747"]
[PlyCount "93"]
[EventDate "2008.11.29"]
[EventType "tourn"]
[EventRounds "9"]
[EventCountry "BRA"]
[SourceTitle "EXT 2022"]
[Source "ChessBase"]
[SourceDate "2021.10.06"]
[SourceVersion "1"]
[SourceVersionDate "2021.10.06"]
[SourceQuality "1"]

1. d4 Nf6 2. c4 g6 3. Nc3 d5 4. e3 Bg7 5. Nf3 0-0 6. Be2 dxc4 7. Bxc4 Nbd7 8. 0-0 c5 9. dxc5 Nxc5 10. Qe2 Bg4 11. h3 Bf5 12. Rd1 Qc7 13. Nb5 Qb6 14. Nbd4 Be4 15. Ng5 Rad8 16. b3 e6 17. Nxe4 Nfxe4 18. Bb2 Rd6 19. f3 Ng3 20. Qf2 Nf5 21. Nxf5 exf5 22. Bxg7 Kxg7 23. Qb2+ f6 24. Rxd6 Qxd6 25. Qd4 Qc6 26. b4 Ne6 27. Bxe6 Qxe6 28. Qxa7 Rf7 29. Qc5 h6 30. a4 g5 31. a5 Rd7 32. b5 Rd5 33. Qc7+ Rd7 34. Qc3 Qe5 35. Qxe5 fxe5 36. a6 bxa6 37. bxa6 Ra7 38. Kf2 Kf6 39. Ke2 Ke6 40. Kd3 Kd6 41. Kc4 Kc6 42. g4 fxg4 43. hxg4 Ra8 44. a7 Kb7 45. Kd5 Rd8+ 46. Kxe5 Ka8 47. f4 1-0

[Event "Campinas LCX 13th"]
[Site "Campinas"]
[Date "2008.12.13"]
[Round "9"]
[White "Menezes Se, Daniel"]
[Black "Labegalini, Antonio Luiz"]
[Result "0-1"]
[WhiteElo "1660"]
[BlackElo "1911"]
[PlyCount "46"]
[EventDate "2008.11.29"]
[EventType "tourn"]
[EventRounds "9"]
[EventCountry "BRA"]
[SourceTitle "EXT 2022"]
[Source "ChessBase"]
[SourceDate "2021.10.06"]
[SourceVersion "1"]
[SourceVersionDate "2021.10.06"]
[SourceQuality "1"]

1. d3 Nf6 2. Nf3 d5 3. Nc3 c5 4. Bf4 a6 5. e4 d4 6. Na4 Nc6 7. Nxc5 Qa5+ 8. c3 Qxc5 9. Rc1 dxc3 10. Rxc3 Qa5 11. e5 Nd5 12. Qd2 Nxc3 13. bxc3 Bg4 14. Be2 Bxf3 15. Bxf3 e6 16. Bxc6+ bxc6 17. 0-0 Be7 18. Rb1 0-0 19. Rb7 Rab8 20. Rxb8 Rxb8 21. g4 Qd5 22. h3 Rb1+ 23. Kh2 Qh1+ 0-1

[Event "Campinas LCX 13th"]
[Site "Campinas"]
[Date "2008.12.06"]
[Round "5"]
[White "Labegalini, Antonio Luiz"]
[Black "Freire, Rodrigo da Silva"]
[Result "1-0"]
[WhiteElo "1911"]
[BlackElo "1864"]
[PlyCount "109"]
[EventDate "2008.11.29"]
[EventType "tourn"]
[EventRounds "9"]
[EventCountry "BRA"]
[SourceTitle "EXT 2022"]
[Source "ChessBase"]
[SourceDate "2021.10.06"]
[SourceVersion "1"]
[SourceVersionDate "2021.10.06"]
[SourceQuality "1"]

1. d4 Nf6 2. Nf3 g6 3. c4 Bg7 4. Nc3 0-0 5. Bg5 d6 6. e3 h6 7. Bxf6 exf6 8. Be2 Nc6 9. 0-0 Re8 10. Qc2 Bf5 11. e4 Bg4 12. d5 Ne7 13. Nd4 Bd7 14. Rad1 f5 15. Rfe1 fxe4 16. Nxe4 Nf5 17. Nxf5 Bxf5 18. Bd3 Qh4 19. Nc3 Bg4 20. Be2 Bxc3 21. bxc3 Bxe2 22. Rxe2 Qxc4 23. Rde1 Rxe2 24. Rxe2 Qxd5 25. h3 Qg5 26. Qe4 d5 27. Qe7 Qc1+ 28. Kh2 Qxc3 29. Re3 Qc4 30. Rf3 d4 31. h4 c5 32. h5 g5 33. Rf6 Kg7 34. Qe5 Kh7 35. Qf5+ Kg7 36. f4 Rd8 37. Qe5 Qd5 38. Rg6+ Kf8 39. Qf6 Rc8 40. Rxh6 Ke8 41. fxg5 d3 42. g6 Kd7 43. Rh7 Qd6+ 44. Qxd6+ Kxd6 45. Rxf7 c4 46. g7 d2 47. Rf1 c3 48. h6 c2 49. h7 d1Q 50. Rf6+ Ke5 51. h8Q c1Q 52. Rf1 Qxf1 53. g8Q+ Kd6 54. Qd4+ Ke7 55. Qe5+ 1-0

[Event "Campinas LCX 12th"]
[Site "Campinas"]
[Date "2008.11.07"]
[Round "1"]
[White "Labegalini, Antonio Luiz"]
[Black "Mello, Marcos Fernando"]
[Result "1-0"]
[WhiteElo "1915"]
[BlackElo "1586"]
[PlyCount "83"]
[EventDate "2008.11.07"]
[EventType "tourn"]
[EventRounds "9"]
[EventCountry "BRA"]
[SourceTitle "EXT 2022"]
[Source "ChessBase"]
[SourceDate "2021.10.06"]
[SourceVersion "1"]
[SourceVersionDate "2021.10.06"]
[SourceQuality "1"]

1. d4 d5 2. c4 Nf6 3. Nc3 c6 4. e3 g6 5. Bd3 Bg7 6. Nf3 0-0 7. 0-0 Re8 8. h3 Nbd7 9. Qc2 Qc7 10. cxd5 cxd5 11. Nb5 Qxc2 12. Bxc2 Rb8 13. Nxa7 Nb6 14. Bd2 Bf5 15. Bxf5 gxf5 16. Rfc1 Ra8 17. Nb5 Rec8 18. Rxc8+ Rxc8 19. Rc1 Rxc1+ 20. Bxc1 Kf8 21. Nh4 f4 22. exf4 Ke8 23. f3 Kd7 24. b3 e6 25. g4 Ne8 26. Kf2 Nd6 27. Nxd6 Bxd4+ 28. Be3 Bxe3+ 29. Kxe3 Kxd6 30. f5 e5 31. f4 exf4+ 32. Kxf4 Kc5 33. g5 Nd7 34. Nf3 Kb4 35. Ne5 Nxe5 36. Kxe5 Ka3 37. h4 Kxa2 38. h5 Kxb3 39. Kxd5 b5 40. g6 hxg6 41. hxg6 fxg6 42. fxg6 1-0

[Event "Campinas Pucci Memorial 11th"]
[Site "Campinas"]
[Date "2008.10.26"]
[Round "3"]
[White "Labegalini, Antonio Luiz"]
[Black "Caricatto, Nadia Piccinin"]
[Result "1-0"]
[WhiteElo "1915"]
[BlackElo "1699"]
[PlyCount "95"]
[EventDate "2008.10.24"]
[EventType "tourn"]
[EventRounds "9"]
[EventCountry "BRA"]
[SourceTitle "EXT 2022"]
[Source "ChessBase"]
[SourceDate "2021.10.06"]
[SourceVersion "1"]
[SourceVersionDate "2021.10.06"]
[SourceQuality "1"]

1. d4 Nf6 2. c4 c5 3. d5 e5 4. Nc3 d6 5. e4 g6 6. Nf3 Bg7 7. h3 0-0 8. Bd3 Na6 9. Bg5 Nc7 10. g4 Qd7 11. Nd2 Nce8 12. f3 h6 13. Bh4 g5 14. Bg3 Nc7 15. Kf2 Rd8 16. Nf1 Rb8 17. Ne3 a6 18. Nf5 b5 19. b3 bxc4 20. bxc4 Rb2+ 21. Be2 a5 22. h4 Nh7 23. hxg5 hxg5 24. Qc1 Rb4 25. Rxh7 Kxh7 26. Qxg5 f6 27. Qh5+ Kg8 28. Rh1 Qf7 29. Qh7+ Kf8 30. Nxg7 Qxg7 31. Qh8+ Qxh8 32. Rxh8+ Ke7 33. Rh7+ Ke8 34. Rxc7 Rb7 35. Rxb7 Bxb7 36. Nb5 Ba6 37. Nc7+ Kd7 38. Nxa6 Ra8 39. Nxc5+ dxc5 40. f4 exf4 41. Bxf4 a4 42. g5 fxg5 43. Bxg5 Kd6 44. Bf4+ Kd7 45. e5 Ra6 46. Ke3 Rb6 47. e6+ Ke7 48. Bg4 1-0